logo

Bir Sreshtho Munshi Abdur Rouf Library
Jhenaidah Cadet College

শিকার কাহিনি সাবধান মানুষখেকো / (Record no. 14496)

MARC details
000 -LEADER
fixed length control field 00845nam a22002417a 4500
001 - CONTROL NUMBER
JCCL Control Number 14496
003 - CONTROL NUMBER IDENTIFIER
JCCL marc code BD-JhCC
005 - DATE AND TIME OF LATEST TRANSACTION
control field 20251220092714.0
008 - FIXED-LENGTH DATA ELEMENTS--GENERAL INFORMATION
fixed length control field 251218b |||||||| |||| 00| 0 eng d
020 ## - INTERNATIONAL STANDARD BOOK NUMBER
International Standard Book Number 9789847662029
035 ## - SYSTEM CONTROL NUMBER
system control number (BD-JhCC)14496
040 ## - CATALOGING SOURCE
Original cataloging agency BD-JhCC
Modifying agency BD-JhCC
041 ## - LANGUAGE CODE
Language code of Book eng
082 ## - DEWEY DECIMAL CLASSIFICATION NUMBER
DDC Edition number 23
Classification number 799.2
Author mark and Year AND 2015
100 ## - MAIN ENTRY--PERSONAL NAME
Personal name এন্ডারসন, কেনেথ
245 ## - TITLE STATEMENT
Title শিকার কাহিনি সাবধান মানুষখেকো /
Statement of responsibility, etc কেনেথ এন্ডারসন
246 ## - VARYING FORM OF TITLE
Title proper/short title Sabdhan Manushkheko
260 ## - PUBLICATION, DISTRIBUTION, ETC. (IMPRINT)
Place of publication, distribution, etc ঢাকা:
Name of publisher, distributor, etc ঐতিহ্য প্রকাশনী,
Date of publication, distribution, etc ২০১৫
300 ## - PHYSICAL DESCRIPTION
Pagination ১৪৩ পৃ.;
Dimensions ২২ সেমি.
Accompanying material পেপার বাইন্ডিং
650 ## - SUBJECT ADDED ENTRY--TOPICAL TERM
Topical term or geographic name as entry element শিকার কাহিনি
942 ## - ADDED ENTRY ELEMENTS (KOHA)
Source of classification or shelving scheme Dewey Decimal Classification
Koha item type Books
Holdings
Source of classification or shelving scheme Damaged status Not for loan Collection code Home library Current library Shelving location Date of accession Cost, normal purchase price Full call number Barcode Date last seen Copy number Method of acquisition Koha item type Currency
Dewey Decimal Classification     Fiction JCC Rouf Library JCC Rouf Library General Stacks 12/18/2025 207.00 799.2 AND 2015 20321 12/18/2025 C-1 Purchase Books BDT
Dewey Decimal Classification     Fiction JCC Rouf Library JCC Rouf Library General Stacks 12/18/2025 207.00 799.2 AND 2015 20322 12/18/2025 C-2 Purchase Books BDT

JCC Library | Contacts | JCC Home

Last Update on 23 September 2017
Copyright @ 2017-2020 JCC Rouf Library
Rouf Library, Jhenidah Cadet College (JCC), Bangladesh